000 00524nam a2200181Ia 4500
001 5110
005 20260306145844.0
008 260306t2007||||xx |||||||||||||| ||spa||
041 _aESP
082 _a333.7
_bA91
100 _aAvellaneda Cusaría, José Alfonso
_eAUT
245 0 _aGestión ambiental y planificación del desarrollo:
_bel sujeto ambiental y los conflictos ecológicos distributivos
260 _c2007
300 _a304 páginas :
_c24 cm.
650 _aGEN
654 _aCAN
942 _cLIB
_dJUS
_fJUS
_2ddc
_n
999 _c5110
_d5110